| 000 -ლიდერი |
| ფიქსირებული სიგრძის საკონტროლო ველი |
01039nam a2200229Ia 4500 |
| 001 - საკონტროლო ნომერი |
| საკონტროლო ველი |
5799 |
| 003 - საკონტროლო ნომრის იდენტიფიკატორი |
| საკონტროლო ველი |
GE_BSU |
| 005 - ბოლო ოპერაციის თარიღი და დრო |
| საკონტროლო ველი |
20190605205613.0 |
| 008 - ფიქსირებული სიგრძის მონაცემთა ელემენტები - ზოგადი ინფორმაცია |
| ფიქსირებული სიგრძის საკონტროლო ველი |
181216s1980||||ge |||||||||||||| ||geo|| |
| 040 ## - კატალოგიზაციის წყარო |
| Transcribing agency |
GE_BSU |
| 041 ## - ენის კოდი |
| Language code of text/sound track or separate title |
geo |
| 080 ## - უნივერსალური ათობითი კლასიფიკაციის ინდექსი |
| Universal Decimal Classification number |
744.43(075.8) მ-20 |
| 100 ## - მთავარი ჩანაწერი - პიროვნების სახელი |
| Personal name |
მალანია, ი. |
| 9 (RLIN) |
2208 |
| 245 ## - ცნობა სათაურის შესახებ |
| Title |
ზომების დაწერა კომპლექსურ ნახაზებზე : |
| Remainder of title |
დამხმ. სახელმძღვ. / |
| Statement of responsibility, etc |
ი. მალანია, ა. აგლაძე ; რედ. ზ. სუთიძე. |
| 264 ## - წარმოების, გამოცემის, დისტრიბუციის და სხვა ცნობები |
| გამოცემის, წარმოების, დისტრიბუციის... ადგილი |
თბილისი : |
| გამოცემის, წარმოების, დისტრიბუციის... სახელწოდება |
განათლება, |
| გამოცემის, წარმოების, დისტრიბუციის... თარიღი |
1980. |
| 300 ## - ფიზიკური აღწერა |
| Extent |
117 გვ. : |
| Other physical details |
ნახაზ. ; |
| Dimensions |
22 სმ. |
| 504 ## - BIBLIOGRAPHY, ETC. NOTE |
| Bibliography, etc |
ბიბლიოგრ. : გვ.116. |
| 653 ## - INDEX TERM--UNCONTROLLED |
| Uncontrolled term |
ზომების დაწერა კომპლექსურ ნახაზებზე |
| 700 ## - ADDED ENTRY--PERSONAL NAME |
| Personal name |
აგლაძე, ა. |
| Relator term |
ავტორი |
| 9 (RLIN) |
2209 |
| 700 ## - ADDED ENTRY--PERSONAL NAME |
| Personal name |
სუთიძე, ზ. |
| Relator term |
რედაქტორი |
| 9 (RLIN) |
2210 |
| 942 ## - ADDED ENTRY ELEMENTS (KOHA) |
| Koha item type |
წიგნი |
| Source of classification or shelving scheme |
|